000 00650nam a22002177a 4500
003 UA-OsUOA
001 46224
007 ta
008 20070611b un ||||| |||| 00| 0 ukr d
100 _aГай А.
090 _a659
_bГ-11
942 _cSA
040 _aUA-OsUOA
_bfre
_cUA-OsUOA
_dUA-OsUOA
245 _aМайстер-клас з маркетингових комунікацій
300 _aС.6
955 _a0
041 _afre
080 _a659
773 0 _w46219
650 7 _a659 Реклама. Система інформації. Громадська інформація та реклама (Паблик-Рилейшнз)
_2UDC
999 _c332323
_d332323